|
|
|
|
| LEADER |
00000nab a2200000 ar4500 |
| 001 |
vtls009937538 |
| 003 |
SK-MaSNL |
| 005 |
20260303045033.0 |
| 008 |
090807c20090627xo |||||||| 000 b|hun |
| 015 |
|
|
|a SNBRB2009/06
|2 snkbucl
|
| 038 |
|
|
|a SNKBUCL
|
| 040 |
|
|
|a DSZK
|b slo
|c DSZK
|e AACR2
|
| 041 |
0 |
|
|a hun
|
| 044 |
|
|
|a xo
|c SK
|
| 080 |
|
|
|a 821.511.141-9=511.141
|2 2001
|
| 100 |
1 |
|
|a Szávai, Attila,
|d 1978-
|4 aut
|9 1031852
|
| 245 |
1 |
0 |
|a Szammertájm, hokedliláb, selyembugyi
|c Szávai Attila
|
| 300 |
|
|
|b Fotogr.
|
| 650 |
0 |
7 |
|a zápisky, maďarské
|2 snkbucl
|9 1035036
|
| 773 |
0 |
|
|t Új szó
|g Évf. 62, sz. 147 (27.6.2009), o. [11]
|x 1335-7050
|
| 773 |
0 |
8 |
|i Mell.:
|t Szalon
|g Évf. 3, sz. 26 (2009)
|
| 852 |
|
|
|a SNK
|b KIS3GCP
|
| 852 |
|
|
|a DSZK
|b KIS3GCP
|
| 958 |
|
|
|a HU
|
| 958 |
|
|
|a LX
|
| 999 |
|
|
|c 1702333
|d 1704263
|